LEADER 01122nam2-22003131i-450 001 990004211370403321 005 20180515105839.0 010 $a84-920640-1-3 035 $a000421137 100 $a20010212d1996----km-y0itay50------ba 101 2 $alat$aspa 102 $aES 105 $ay-------001zy 200 1 $a<<2.: >>Historia de Carlos V$elibros 6-10$fJuan Ginés de Sepulveda$gedición critica y traducción de E. Rodriguez Peregrina$gestudio historico y notas a la traducción B. Cuart Moner 210 $aPozoblanco, Cordoba$cAyuntamiento$d1996 215 $aLIII, 151 p.$d24 cm 461 0$1001000421045$12001$aObras completas$v02 500 00$aHistoriarum de rebus gestis Caroli V,$min latino e spagnolo$919916 676 $a946.04$v21 700 1$aSepúlveda,$bJuan Ginés de$f<1490?-1573>$0386940 702 1$aRodriguez Peregrina,$bElena 702 1$aCuart Moner,$bB. 801 0$aIT$bUNINA$gRICA$2UNIMARC 901 $aBK 912 $a990004211370403321 952 $a946.04 SEP 1(2)$bBibl.36770$fFLFBC 959 $aFLFBC 996 $aHistoriarum de rebus gestis Caroli V$919916 997 $aUNINA LEADER 03192nam 2200721 a 450 001 9910965227503321 005 20251015121541.0 010 $a9783110822113 010 $a3110822113 024 7 $a10.1515/9783110822113 035 $a(CKB)2670000000235056 035 $a(EBL)938386 035 $a(PPN)291158463 035 $a(OCoLC)843635736 035 $a(SSID)ssj0000559764 035 $a(PQKBManifestationID)11955542 035 $a(PQKBTitleCode)TC0000559764 035 $a(PQKBWorkID)10567021 035 $a(PQKB)11037665 035 $a(MiAaPQ)EBC938386 035 $a(WaSeSS)Ind00014194 035 $a(DE-B1597)41158 035 $a(OCoLC)979912888 035 $a(DE-B1597)9783110822113 035 $a(Au-PeEL)EBL938386 035 $a(CaPaEBR)ebr10588254 035 $a(Perlego)653445 035 $a(EXLCZ)992670000000235056 100 $a19960322e19962010 uy 0 101 0 $aeng 135 $aurnn#---|u||u 181 $ctxt$2rdacontent 182 $cc$2rdamedia 183 $acr$2rdacarrier 200 14$aThe French influence on Middle English morphology $ea corpus-based study of derivation /$fChristiane Dalton-Puffer 205 $aReprint 2010 210 $aBerlin ;$aNew York $cMouton de Gruyter$d1996 215 $a1 online resource (xiii, 284 pages) $cillustrations 225 0 $aTopics in English Linguistics [TiEL] ;$v20 311 0 $a9783110149906 311 0 $a3110149907 320 $aIncludes bibliographical references and index. 327 $tFront matter --$t1. Introduction --$t2. A survey of previous research --$t3. The data-material and method --$t4. Aspects of a taxonomy of Middle English derivational suffixes --$t5. Systematic aspects of Middle English derivation: in search of a descriptive-explanatory framework --$t6. Abstract noun suffixes --$t7. Concrete (agent) noun suffixes --$t8. Adjectival suffixes --$t9. Verbal suffixes --$t10. Evaluating the influence of French on the morphology of Middle English --$t11. Conclusion --$tNotes --$tAppendix 1 Lexical entries for the derivational suffixes of Middle English --$tAppendix 2 Semantic functions mappings --$tReferences --$tIndex 330 $aThe French influence on Middle English morphology : a corpus-based study of derivation Topics in English Linguistics [TiEL] 410 0$aTopics in English linguistics ;$v20. 606 $aEnglish language$yMiddle English, 1100-1500$xForeign elements$xFrench 606 $aEnglish language$yMiddle English, 1100-1500$xMorphology 606 $aFrench language$yTo 1300$xInfluence on English 606 $aEnglish language$yMiddle English, 1100-1500$xDiscourse analysis 615 0$aEnglish language$xForeign elements$xFrench. 615 0$aEnglish language$xMorphology. 615 0$aFrench language$xInfluence on English. 615 0$aEnglish language$xDiscourse analysis. 676 $a427/.02 686 $aHE 730$2rvk 700 $aDalton-Puffer$b Christiane$f1961-$0623108 801 0$bMiAaPQ 801 1$bMiAaPQ 801 2$bMiAaPQ 906 $aBOOK 912 $a9910965227503321 996 $aThe French influence on Middle English morphology$94445027 997 $aUNINA